Knowledge and Use of the Balanced Scorecard Concept in Slovakia Related to Company Proprietorship

Vzťah medzi vedomosťami o BSC (Balanced Scorecard) a pôvodom vlastníctva spoločnosti na Slovensku.

Salvato in:
Dettagli Bibliografici
Autore principale: Gallo, Peter, ml
Altri autori: Mihalčová, Bohuslava, 1963-
Natura: Capitolo di libro
Lingua:inglese
Soggetti:
Tags: Aggiungi Tag
Nessun Tag, puoi essere il primo ad aggiungerne!!

MARC

LEADER 00000naa a2200000 4500
001 0222584
005 20240502083552.4
041 0 |a eng 
044 |a RO 
245 1 0 |a Knowledge and Use of the Balanced Scorecard Concept in Slovakia Related to Company Proprietorship  |c Peter Gallo, Bohuslava Mihalčová 
520 |a Vzťah medzi vedomosťami o BSC (Balanced Scorecard) a pôvodom vlastníctva spoločnosti na Slovensku. 
610 2 0 |a výkonnosť 
610 2 0 |a meranie 
100 1 |a Gallo, Peter, ml. 
700 1 |a Mihalčová, Bohuslava, 1963-